000
00293nam a22001337a 4500
008
211011b ||||| |||| 00| 0 eng d
041
_a
eng
080
_2
2nd
_a
371
082
_a
371
100
_a
46
101
_a
EDU
245
_a
The Harbrace Guide to Writing
_c
Gleen,Ch
942
_2
udc
_c
BK
999
_c
58131
_d
58131